000 00315nam a22001337a 4500
008 170418b xxu||||| |||| 00| 0 eng d
020 _a9780073402789
041 _aeng
080 _22ND
_a573
100 _a11
101 _aSHM
245 _aGENERAL, ORGANIS &. BIOLOGICAL CHEMISTRY
_cSMITH, J.G
942 _2udc
_cBK
999 _c11024
_d11024